00897nam a2200205 a 450000100100000000500170001000800410002704000250006808200150009310000410010824500710014926000340022030000210025449000400027550001260031550000710044183000490051295201130056199900170067400004409020201002045135.0140515s1972 sp 000 0 spa d aDO-SdBNPbspacBNPHU axxxxbxxxx1 aGómez Pin, Víctor,d1944-92363410aDe usía a manía :b(Vino y éxtasis) /cVíctor Gómez Pin. aBarcelona :bAnagrama,c1972. a103 p. ;c18 cm.1 aCuadernos anagramaafilosofíav41 aEn la cubierta: Tres apéndices: La silla de Picasso es una-mala-silla ; Antonio Ordòñez ; La aventura de Aschembach aIncluye referencias bibliograficas y notas al pie de las páginas 0aCuadernos anagrama ;pfilosofían41972085 001050718MOaGRbGRcCTd2014-05-15iLF1l0oxxxx xxxxp44090-10r2020-06-25w2020-06-25y1ZNo se presta c43579d43579